000 014370000a22003490004500
999 _c47042
_d47042
001 20691
003 CO-MdFUSB
005 20190202100417.0
008 160919t1985 pau||||g |||| 00| 0 eng d
020 _a0-8006-0725-2 (Vol. 1)
020 _a0-8006-0759-7 (Vol. 2)
040 _aCO-MdFUSB
_bspa
_cCO-MdFUSB
_dCO-MdFUSB
_erda
041 _aeng
082 _224
_aG 270
_bAL319h
100 1 _aAland, Kurt
_eautor
245 0 2 _aA History of Christianity
_c/ Kurt Aland, Traducido por James L. Schaaf
_b:
264 1 _aPhiladelphia, Pennsylvania :
_bFortress Press,
_c℗1985
264 4 _c©1985
300 _a2 volúmenes
_b:
_c;
336 _2rdacontent
_atexto
_btxt
337 _2rdamedia
_asin mediación
_bn
338 _2rdacarrier
_avolumen
_bnc
500 _aTítulo original en alemán: Geschichte der Christenheit
501 _a Incluye índices (p. 449- 474)
505 0 _aVolumen 1: From the beginnings to the threshold of the Reformation / Desde los inicios hasta el umbral de la Reforma -- Los inicios del cristianismo -- El cristianismo en la Edad Media
505 0 _aVolumen 2: From the Reformation to the present / A partir de la Reforma hasta la actualidad -- El cristianismo en la Reforma -- El cristianismo después de la Reforma
563 _aPasta dura
650 7 _9221
_aReforma
650 0 _aHistoria de la Iglesia
_z(Edad Media), ca. 600-1500
_9285
942 _cBK